|
|
|
|
| LEADER |
00000nam a22000007a 4500 |
| 005 |
20220407210851.0 |
| 007 |
cr|||| |||| |
| 008 |
220407s2019 br |||||s|||| 00||0 por d |
| 020 |
|
|
|a 978-85-301-0087-2
|
| 035 |
|
|
|a 36032
|
| 040 |
|
|
|a vLex
|
| 090 |
|
|
|c 13126
|d 13126
|
| 100 |
1 |
|
|a Pretti, Gleibe
|
| 245 |
1 |
0 |
|a Remuneraȯ̂ Aps̤ a Reforma Trabalhista
|h [Recurso electrn̤ico] :
|b Com a Visô Constitucional dos Direitos Trabalhistas /
|c Gleibe Pretti
|
| 256 |
|
|
|a Servicio en ln̕ea
|
| 260 |
|
|
|a San Pablo:
|b LTR,
|c 2019
|
| 300 |
|
|
|a 1 recurso electrn̤ico
|
| 500 |
|
|
|a Quais sô os limites de pagamento ao empregado com prm̊ios? Ajuda de custo se aplica a todos os empregados? Como se portar diante de situaė̳s de rescisô aps̤ a reforma? É possv̕el a quitaȯ̂ do contrato de forma definitiva, extrajudicialmente?
|
| 506 |
1 |
|
|a Disponible solo en los productos indicados
|d vLex Global
|d vLex Global (Academic Edition, excluding Law Schools)
|d vLex Global (U.S. Academic Edition, Law Schools)
|d vLex Global (U.S. Academic Edition, excluding Law Schools)
|d vLex Global (Academic Edition, Law Schools)
|
| 650 |
0 |
4 |
|a Derecho Laboral y Seguridad Social
|z Brasil
|
| 740 |
0 |
|
|a vLex Libros (Servicio en ln̕ea)
|
| 856 |
4 |
0 |
|u https://app.vlex.com/#/sources/36032
|z Acceso restringido
|
| 942 |
|
|
|c BOOK
|
| 999 |
0 |
|
|a Labor law and social security
|